=LDR 00000nam 2200000 4500 =001 INLIS000000000026165 =005 20130612124625 =008 ***********************************Ind** =035 ##$$0010-061300000026165 =041 ##$$a Ind =082 ##$$a 370.1 =090 ##$$a 370.1, Wir k =100 ##$$a Wiryokusumo, Iskandar =245 ##$$a Kumpulan pikiran-pikiran dalam pendidikan, Drs. Iskandar Wiryokusumo =260 ##$$a 1982 $b Jakarta =300 ##$$a 242 hlm, 21 cm =650 ##$$a Pendidikan =850 ##$$a NBPNMAT